000 00496nam a2200169Ia 4500
999 _c13105
_d13105
003 OSt
005 20201021102738.0
008 190216s9999||||xx |||||||||||||| ||und||
040 _coclc
082 _a398.2
_bRUN/T
100 _aRungachary, Santha
_96007
245 0 _aTales For All Times /
_cSantha Rungachary
260 _bNational Book Trust India ,
_c1981.
_aNew Delhi:
300 _a64p
650 _aEnglish Stories
942 _cBK
_2ddc
_h398.2
_iRUN/T
_k398.2
_mRUN/T